00445 2200157 4500245007400000250001100074100002300085700001400108650005000122005001900172260004000191041001400231084000800245490002500253336000900278 aMenggamit Minat Warisan Budaya Lereng Gunung LawucI Made GeriahText aCet. 1 aBambang Sulisyanto aNasruddin aBuku Pengayaan ; Warisan Budaya ; Gunung Lawu a20240902095521 bPusat Penelitian Arkeologi Nasional aIndonesia a306 aSeri Rumah Peradaban atext